JR東海の廃駅 - Statistics

General Stats
  • This quiz has been taken 71 times
  • The average score is 5 of 9
Answer Stats
Hint Answer % Correct
参宮線 池の浦シーサイド
97%
新豊田
70%
北岡崎
69%
北野桝塚
66%
岡多線 中岡崎
57%
三河豊田
57%
三河上郷
44%
永覚
43%
末野原
39%
No matching quizzes found
Score Distribution
Percent of People with Each Score
Percentile by Number Answered
Your Score History
You have not taken this quiz